Territorios del Imperio español en 1590 con un mapa - Estadísticas

Estadísticas generales
  • Esta prueba ha sido intentada 116 veces
    63 desde el último reinicio
  • La puntuación promedio es 48 de 62
Respuestas en el mapa
Las respuestas están codificadas por una escala verde-roja en el mapa de la prueba según el % correcto abajo.
 
Estadísticas de respuestas
Respuesta % Correcto
Filipinas
100%
Canarias
96%
Cataluña
96%
Sicilia
96%
Valencia
96%
Brasil
94%
Florida
94%
Aragón
93%
Cerdeña
93%
León
93%
Navarra
93%
Nueva España
93%
Sevilla
93%
Baleares
91%
Ceuta
91%
Granada
91%
Murcia
91%
Nápoles
91%
Perú
91%
Córdoba
89%
Guinea
89%
Toledo
89%
Flandes
87%
Jaén
87%
Madrid
87%
Burgos
85%
Cabo Verde
85%
Macao
85%
Valladolid
85%
Ávila
83%
Mozambique
83%
Nueva Granada
83%
Puerto Rico
83%
Angola
81%
Azores
81%
Cuenca
81%
Milanesado
81%
Zamora
81%
Álava
80%
Madeira
80%
Salamanca
80%
Segovia
80%
Soria
80%
Santo Tomé
78%
Guatemala
76%
Guipúzcoa
76%
Vizcaya
76%
Estremadura
74%
Guadalajara
74%
Jamaica
74%
Algarve
72%
Santo Domingo
72%
Timor
69%
Tánger
67%
Toro
54%
Franco Condado
46%
Goa
46%
Beira
26%
Trás-os-Montes
20%
Entre-Duoro-e-Minho
6%
Azamor
0%
Entre Tajo e Guadiana
0%
No se encontraron pruebas coincidentes
Distribución de puntuación
Porcentaje de gente con cada puntuación
Porcentaje por número respondido
Historial de tus puntuaciones
No has intentado esta prueba desde el último reinicio